| 000 | 02260cam a22002174a 4500 | ||
|---|---|---|---|
| 005 | 20250605163944.0 | ||
| 008 | 250528s ||||||||||||||||||||||||d | ||
| 035 | _a15159 | ||
| 020 | _a415053455 | ||
| 040 |
_aGR-AtMCL _bgre _dGR-AtMCL _eAACR2 |
||
| 245 | 1 | _aInternational Business in China | |
| 260 |
_bRouledge, _c1993 |
||
| 300 | _a266 | ||
| 505 | 0 | _aToward the Year 2000: Some Strategic Speculations about International Business in China, Variations in the Economic Development of China's Provinces: An Exploratory Look, Chinese Enterprise Management Reforms in the Post-Tiananmen Era: The view from Liaoning Province, The Role of the Legal Envoronment in Doing business in the People's Republic of China, Economic Reform and Foreign Direct Investment in China Before and After the Tiananmen Square Tragedy, Managing Countertrade in the PRC, Foreign Direct Investment in China, Managing International Joint Ventures in China, The Cultural Context of Negotiations: Ther implications of Chinese Interpersonal Norms, American Business People's Perceptions of Marketing and Negotiating in the People's Republic of China, International Business in China, The Preparation of Managers for Overseas Assignments: The Case of China, Index. | |
| 520 | _aToward the Year 2000: Some Strategic Speculations about International Business in China, Variations in the Economic Development of China's Provinces: An Exploratory Look, Chinese Enterprise Management Reforms in the Post-Tiananmen Era: The view from Liaoning Province, The Role of the Legal Envoronment in Doing business in the People's Republic of China, Economic Reform and Foreign Direct Investment in China Before and After the Tiananmen Square Tragedy, Managing Countertrade in the PRC, Foreign Direct Investment in China, Managing International Joint Ventures in China, The Cultural Context of Negotiations: Ther implications of Chinese Interpersonal Norms, American Business People's Perceptions of Marketing and Negotiating in the People's Republic of China, International Business in China, The Preparation of Managers for Overseas Assignments: The Case of China, Index. | ||
| 700 | 1 |
_aKelley Lane _91019 |
|
| 700 | 1 |
_aShenkar Oded _91020 |
|
| 942 | _cBK | ||
| 999 |
_c753 _d753 |
||